000
00287nam a22000977a 4500
008
240220b |||||||| |||| 00| 0 eng d
082
_a
A-N
_b
QUEE
100
1
0
_a
Quezadas, Juan Carlos
_e
autor
_9
42594
245
_a
En que piensa una cabeza recien cortada /
_c
Juan Carlos Quezadas
942
_2
ddc
999
_c
30672
_d
17056